Παρατσούκλια αγιασώτικα
Αποθηκεύτηκε σε:
| Κύριος συγγραφέας: | |
|---|---|
| Άλλοι συγγραφείς: | |
| Μορφή: | Βιβλίο |
| Γλώσσα: | Greek |
| Δημοσίευση: |
Μυτιλήνη :
1995
|
| Θέματα: | |
| Ετικέτες: |
Προσθήκη ετικέτας
Δεν υπάρχουν, Καταχωρήστε ετικέτα πρώτοι!
|
MARC
| LEADER | 00000nam a2200000 i 4500 | ||
|---|---|---|---|
| 001 | 1/6797 | ||
| 008 | 960715s1995 gre d | ||
| 035 | |l 10016481 | ||
| 040 | |a GR-MY-UA |b gre |e aacr | ||
| 041 | 0 | |a gre | |
| 082 | 0 | |a 929.4 | |
| 100 | 1 | |a Παπάνης, Δημήτρης. | |
| 245 | 1 | 0 | |a Παρατσούκλια αγιασώτικα / |c Δ. Παπάνης; Γ. Παπάνης |
| 260 | |a Μυτιλήνη : |c 1995 | ||
| 300 | |a 188 σ. |b εικ. | ||
| 650 | 0 | 0 | |a Nicknames |z Greece |z Agiasos (Lesbos Island) |
| 650 | 0 | 0 | |a Folklore |z Greece |z Agiasos (Lesbos Island) |
| 700 | 1 | |a Παπάνης, Γιάννης Δ. |d 1942- | |
| 852 | |a INST |b LESVOS |e 19960715 |h 929.4 ΠΑΠ |p 005100009547 |q 005100009547 |t BK |y 0 |z τ.1 | ||
| 852 | |a INST |b LESVOS |e 19960715 |h 929.4 ΠΑΠ |p 005100009548 |q 005100009548 |t BK |y 0 |z τ.1 | ||
| 852 | |a INST |b LESVOS |e 19960715 |h 929.4 ΠΑΠ |p 005100009547 |q 005100009547 |t BK |v τ.1: |y 0 |z τ.1 | ||
| 852 | |a INST |b LESVOS |e 19960715 |h 929.4 ΠΑΠ |p 005100009548 |q 005100009548 |t BK |v τ.1: |y 0 |z τ.1 | ||
| 853 | |a INST |b LESVOS |h 929.4 ΠΑΠ | ||
| 909 | |a Λ |b 038128 | ||
| 909 | |a Λ |b 038092 | ||
| 922 | |a 1ΔΩΡ |b 199607 | ||